| 000 | 00706nam a2200253Ia 4500 | ||
|---|---|---|---|
| 003 | OSt | ||
| 005 | 20220925235701.0 | ||
| 006 | a|||||r|||| 00| 0 | ||
| 007 | ta | ||
| 008 | 220923b |||||||| |||| 00| 0 eng d | ||
| 020 | _a8183560636 | ||
| 037 | _cGeneral Book | ||
| 040 |
_aRTL _cRTL _beng |
||
| 041 |
_2eng _aeng |
||
| 082 | _aY15OaX:77P, P6 | ||
| 100 |
_aNarasaiah M Lakshmi _9258086 |
||
| 245 | 0 | _aWomen and development | |
| 260 |
_a New Delhi _bDiscovery Publishing House _c2006 |
||
| 300 |
_aviii, 182p. _ccm. |
||
| 500 | _aBibliography: P 163-173 | ||
| 650 | _aSociology | ||
| 942 |
_hY15OaX:77P, P6 _cGB _2CC |
||
| 999 |
_c597707 _d597707 |
||